[Event "Dortmund Sparkassen op-C 47th"]
[Site "Dortmund"]
[Date "2019.07.20"]
[Round "8"]
[White "Heinz, Hans Werner"]
[Black "Conrad, Janis"]
[Result "1/2-1/2"]
[WhiteElo "1111"]
[BlackElo "1284"]
[PlyCount "45"]
[EventDate "2019.07.13"]
[EventType "swiss"]
[EventRounds "9"]
[EventCountry "GER"]
[SourceTitle "CBM 192 Extra"]
[Source "Chessbase"]
[SourceDate "2019.11.06"]
[SourceVersion "1"]
[SourceVersionDate "2019.11.06"]
[SourceQuality "1"]

1. e4 e5 2. a3 Nf6 3. Nc3 Bc5 4. Be2 Nc6 5. d3 h6 6. h3 0-0 7. Nf3 a6 8. 0-0 d5 9. b4 Ba7 10. Bb2 d4 11. Nb1 Be6 12. c3 Nd7 13. cxd4 Nxd4 14. Nbd2 b5 15. Rb1 f6 16. Nxd4 Bxd4 17. Bxd4 exd4 18. Nf3 c5 19. Qc2 Rc8 20. Rfc1 cxb4 21. Qxc8 Qxc8 22. Rxc8 Rxc8 23. Rxb4 1/2-1/2

[Event "Gelsenkirchen Silvester op 6th"]
[Site "Gelsenkirchen"]
[Date "2018.12.27"]
[Round "2"]
[White "Vishanji, Franz"]
[Black "Conrad, Janis"]
[Result "1-0"]
[WhiteElo "1639"]
[BlackElo "1147"]
[PlyCount "32"]
[EventDate "2018.12.27"]
[EventType "swiss"]
[EventRounds "7"]
[EventCountry "GER"]
[SourceTitle "CBM 188 Extra"]
[Source "ChessBase"]
[SourceDate "2019.02.26"]
[SourceVersion "1"]
[SourceVersionDate "2019.02.26"]
[SourceQuality "1"]

1. e4 e5 2. Nf3 Nc6 3. d4 exd4 4. Bc4 h6 5. c3 d6 6. cxd4 Bg4 7. Be3 Nf6 8. Qb3 Qd7 9. Bxf7+ Qxf7 10. Qxb7 Rb8 11. Qxc6+ Qd7 12. Qc2 Bxf3 13. gxf3 g6 14. Nc3 a6 15. 0-0-0 Bg7 16. e5 dxe5 1-0